Statistics for NFL: Top 50 Players of All Time

Click here to take the quiz!

General Stats

  • This quiz has been taken 83 times
  • The average score is 29 of 50

Answer Stats

NumberYearsAnswer% Correct
2Patriots, BuccaneersTom Brady
100%
149ers, Raiders*, Seahawks, BroncosJerry Rice
97%
3BrownsJim Brown
96%
5Colts, BroncosPeyton Manning
95%
649ers, ChiefsJoe Montana
89%
10LionsBarry Sanders
84%
30PackersAaron Rodgers
81%
24DolphinsDan Marino
78%
9GiantsLawrence Taylor
78%
15Vikings, Raiders*, Patriots, Titans, 49ersRandy Moss
78%
14Falcons, Packers, Jets, VikingsBrett Favre
77%
13Cowboys, CardinalsEmmitt Smith
77%
44SteelersTerry Bradshaw
77%
41Bills, Redskins*Bruce Smith
75%
7BearsWalter Payton
75%
17RavensRay Lewis
71%
22BroncosJohn Elway
70%
34CowboysTroy Aikman
70%
29Chargers*, SaintsDrew Brees
66%
4Steelers"Mean" Joe Greene
64%
42Steelers, SeahawksFranco Harris
63%
26Buccaneers, 49ersSteve Young
63%
12BrownsOtto Graham
62%
45PackersBart Starr
60%
11Eagles, Packers, PanthersReggie White
60%
20CowboysRoger Staubach
58%
35Ravens, Texans, JetsEd Reed
55%
19Rams, Colts, Raiders*, FalconsEric Dickerson
55%
18BearsDick Butkus
53%
8Steelers, Colts*, Chargers*Johnny Unitas
53%
33Chargers*, JetsLaDainian Tomlinson
51%
1649ers, Raiders*, JetsRonnie Lott
47%
28Bills, 49ersO.J. Simpson
45%
39CowboysMichael Irvin
44%
32Steelers, 49ers, Ravens, Raiders*Rod Woodson
42%
36Bengals, BuccaneersAnthony Munoz
41%
25SteelersJack Lambert
41%
31Redskins*Sammy Baugh
40%
50CardinalsLarry Fitzgerald
38%
48BearsGale Sayers
37%
46BearsMike Singletary
37%
27SteelersTroy Polamalu
37%
37Rams, Chargers*, Redskins*David "Deacon" Jones
36%
49SteelersJack Ham
34%
23SteelersMel Blount
30%
47Vikings, BearsAlan Page
26%
21PackersDon Hutson
26%
43Chargers*, Dolphins, PatriotsJunior Seau
25%
38Steelers, ChiefsMike Webster
16%
40GiantsFrank Gifford
11%

Score Distribution

Percentile by Number Answered

Percent of People with Each Score

Your Score History

You have not taken this quiz